[Event "FIN Ch"]
[Site "Helsinki FIN"]
[Date "1988.??.??"]
[Round "7"]
[White "Lehtivaara, Risto"]
[Black "Hentunen, Asko"]
[Result "1/2-1/2"]
[WhiteElo "2280"]
[BlackElo "2285"]
[PlyCount "20"]
[EventDate "1988.??.??"]
[Source "www.chesslib.no"]
[SourceDate "2004.05.04"]

1. e4 e5 2. d4 exd4 3. c3 d5 4. exd5 Qxd5 5. cxd4 Nc6 6. Nf3 Bg4 7. Be2 Nf6 8. Nc3 Bb4 9. O-O Bxc3 10. bxc3 O-O 1/2-1/2

[Event "BL2-W 9394"]
[Site "GER"]
[Date "1994.??.??"]
[Round "?"]
[White "Pernutz, Hans-Gerhard"]
[Black "Michalczak, Thomas"]
[Result "1/2-1/2"]
[WhiteElo "2270"]
[BlackElo "2290"]
[PlyCount "66"]
[EventDate "1993.10.??"]
[Source "www.chesslib.no"]
[SourceDate "2004.05.04"]

1. e4 e5 2. d4 exd4 3. c3 d5 4. exd5 Qxd5 5. cxd4 Nc6 6. Nf3 Bg4 7. Nc3 Bxf3 8. Nxd5 Bxd1 9. Nxc7+ Kd7 10. Nxa8 Bh5 11. d5 Nd4 12. Bd3 Bb4+ 13. Bd2 Bxd2+ 14. Kxd2 Ne7 15. Rac1 Rxa8 16. Rc4 Ndf5 17. g4 Nd6 18. gxh5 Nxc4+ 19. Bxc4 Kd6 20. Rg1 g6 21. Rg3 Rc8 22. Bb3 Rc5 23. hxg6 hxg6 24. Rf3 Nf5 25. h3 Rc7 26. Rd3 Rc8 27. a3 Re8 28. Bd1 Re5 29. Bf3 Ne7 30. Kc3 Re1 31. Kd2 Rf1 32. Ke2 Rc1 33. Kd2 Rf1 1/2-1/2

[Event "BL2-N 8990"]
[Site "GER"]
[Date "1989.??.??"]
[Round "?"]
[White "Hedke, Fred"]
[Black "Panzer, Peter"]
[Result "1-0"]
[WhiteElo "2290"]
[BlackElo "2270"]
[PlyCount "79"]
[EventDate "1989.10.??"]
[Source "www.chesslib.no"]
[SourceDate "2004.05.04"]

1. e4 e5 2. d4 exd4 3. c3 Nc6 4. cxd4 Bb4+ 5. Nc3 Nf6 6. d5 Ne5 7. f4 Nxe4 8. Qd4 Qh4+ 9. g3 Nxg3 10. Qxe5+ Kd8 11. Nf3 Qg4 12. Ng5 Rf8 13. Be2 Nxe2 14. Qxe2 Qh4+ 15. Qf2 Qg4 16. Be3 d6 17. Qf3 Bxc3+ 18. bxc3 Qf5 19. O-O-O Re8 20. Qf2 f6 21. Nf3 Qe4 22. Bd4 Qxf4+ 23. Kb2 Bg4 24. Rd3 Qf5 25. Rhd1 Re4 26. Qg3 Re2+ 27. Nd2 Kd7 28. Rg1 Bh5 29. Qxg7+ Re7 30. Qg3 Rg8 31. Qxg8 Qxd3 32. Rg2 Bg6 33. Qb8 Qb5+ 34. Ka3 Qxd5 35. Rf2 Bf7 36. Nb3 Qb5 37. Qxa7 Re2 38. Rxe2 Qxe2 39. Qxb7 Qxh2 40. Qe4 1-0

[Event "Vienna Open"]
[Site "Vienna AUT"]
[Date "1994.??.??"]
[Round "4"]
[White "Vospernik, Andrej"]
[Black "Dueckstein, Andreas"]
[Result "1-0"]
[WhiteElo "2200"]
[BlackElo "2355"]
[PlyCount "81"]
[EventDate "1994.10.??"]
[Source "www.chesslib.no"]
[SourceDate "2004.05.04"]

1. e4 e5 2. d4 exd4 3. c3 d5 4. Qxd4 Nf6 5. Bg5 dxe4 6. Qxd8+ Kxd8 7. Nd2 Bf5 8. Ne2 Bd6 9. O-O-O Re8 10. Nc4 Ke7 11. Nd4 Bd7 12. Nb5 Bxb5 13. Nxd6 cxd6 14. Bxb5 Nc6 15. Rhe1 Kd7 16. Rd4 Re5 17. Bxc6+ bxc6 18. Bxf6 gxf6 19. Rexe4 Rg5 20. g3 a5 21. Rf4 Rg6 22. Rf5 Rh6 23. h4 Ke6 24. Rf3 d5 25. c4 Ra6 26. c5 Rh5 27. Rdf4 Rh6 28. Re3+ Kd7 29. Ra3 Ra8 30. Rb3 Ra7 31. Rb6 a4 32. b4 axb3 33. axb3 Rc7 34. b4 Ke7 35. Rd4 Rh5 36. f4 Kf8 37. Rd3 Kg7 38. Ra3 f5 39. Raa6 Re7 40. Rxc6 Re3 41. Rc7 1-0

[Event "CHI Ch"]
[Site "Santiago CHI"]
[Date "1995.??.??"]
[Round "?"]
[White "Jorquera, Marcelo"]
[Black "Egger, Jorge"]
[Result "0-1"]
[WhiteElo "2125"]
[BlackElo "2430"]
[PlyCount "44"]
[EventDate "1995.??.??"]
[Source "www.chesslib.no"]
[SourceDate "2004.05.04"]

1. e4 e5 2. d4 exd4 3. c3 dxc3 4. Bc4 Nf6 5. Nxc3 Nc6 6. Nf3 Bb4 7. e5 d5 8. exf6 dxc4 9. Qe2+ Be6 10. fxg7 Rg8 11. Bg5 Nd4 12. Bxd8 Nxe2 13. Bf6 Nf4 14. O-O Bxc3 15. bxc3 Nh5 16. Be5 Bd5 17. Nd4 Nxg7 18. Nb5 Ne6 19. f3 Kd7 20. Rad1 c6 21. Nd6 f6 22. Bg3 Rxg3 0-1

[Event "BL2-N 9091"]
[Site "GER"]
[Date "1991.??.??"]
[Round "?"]
[White "Hedke, Fred"]
[Black "Ahmels, Volker"]
[Result "1/2-1/2"]
[WhiteElo "2290"]
[BlackElo "2265"]
[PlyCount "53"]
[EventDate "1990.10.??"]
[Source "www.chesslib.no"]
[SourceDate "2004.05.04"]

1. e4 e5 2. d4 exd4 3. c3 d5 4. exd5 Qxd5 5. cxd4 Nf6 6. Nf3 Bb4+ 7. Nc3 Ne4 8. Bd2 Bxc3 9. bxc3 Nxd2 10. Qxd2 O-O 11. Be2 Nc6 12. Rb1 Re8 13. O-O a6 14. Rfe1 h6 15. c4 Qd6 16. d5 Ne5 17. Nxe5 Rxe5 18. Bd3 Rxe1+ 19. Qxe1 Kf8 20. Qe4 f5 21. Qd4 c5 22. Qc3 b6 23. Re1 Ra7 24. Re5 f4 25. Bf5 Bxf5 26. Rxf5+ Rf7 27. Qd3 1/2-1/2

[Event "Politiken Cup"]
[Site "?"]
[Date "2004.07.31"]
[Round "9"]
[White "Adnoy Hallvard V"]
[Black "Hansen Torbjorn Ringdal"]
[Result "0-1"]
[WhiteElo "2204"]
[BlackElo "2346"]
[PlyCount "56"]
[EventDate "2004.??.??"]
[Source "www.chesslib.no"]
[SourceDate "2004.05.04"]

1. e4 e5 2. d4 exd4 3. c3 d5 4. exd5 Nf6 5. cxd4 Bb4+ 6. Nc3 Nxd5 7. Bd2 O-O 8. Bd3 c5 9. Qf3 Nf6 10. dxc5 Nc6 11. Qg3 Nh5 12. Qf3 g6 13. Bb1 Nd4 14. Qd1 Re8+ 15. Be3 Nf4 16. Kf1 Nfe6 17. Nf3 Bxc5 18. Ne4 b6 19. h4 h5 20. Nfg5 Nf5 21. Qf3 Bxe3 22. fxe3 Bb7 23. Bc2 Nc5 24. Rh3 Qe7 25. g4 hxg4 26. Qxg4 Nxe4 27. Bb3 Nxe3+ 28. Rxe3 Nd2+ 0-1

[Event "SWE-ch"]
[Site "Linkoping"]
[Date "1984.??.??"]
[Round "?"]
[White "Hector, Jonny"]
[Black "Setterqvist, Kurt"]
[Result "1/2-1/2"]
[WhiteElo "2350"]
[BlackElo "2200"]
[PlyCount "81"]
[EventDate "1984.07.??"]
[Source "ChessBase"]

1. e4 e5 2. d4 exd4 3. c3 dxc3 4. Bc4 cxb2 5. Bxb2 d5 6. Bxd5 Nf6 7. Nc3 Bc5 8. Qe2 O-O 9. Rd1 Qe7 10. Nf3 c6 11. Bb3 Be6 12. Bc2 Nbd7 13. O-O Nb6 14. e5 Nfd5 15. Ne4 Nf4 16. Qd2 Nbd5 17. Bb1 Bb4 18. Qc2 Ng6 19. Nfg5 Rfd8 20. Bc1 Bf5 21. f4 h6 22. Nf3 Bxe4 23. Qxe4 Nc3 24. Rxd8+ Rxd8 25. Qc2 Nxb1 26. Qxb1 Qc5+ 27. Kh1 Qc4 28. Be3 Rd3 29. f5 Ne7 30. Rc1 Qe4 31. Bg1 Nd5 32. e6 fxe6 33. fxe6 Nf4 34. a3 Qe2 35. Nh4 Be7 36. Re1 Qd2 37. Rf1 Nxe6 38. Qxb7 Rd7 39. Qxc6 Qd5 40. Qc8+ Rd8 41. Nf5 1/2-1/2

[Event "TCh-ESP Div"]
[Site "?"]
[Date "2001.??.??"]
[Round "?"]
[White "Piay Augusto, D."]
[Black "Zarzo Lopez, T."]
[Result "1-0"]
[WhiteElo "2270"]
[BlackElo "2270"]
[PlyCount "43"]
[EventDate "2001.??.??"]
[Source "www.chesslib.no"]
[SourceDate "2004.05.04"]

1. e4 e5 2. d4 exd4 3. c3 d3 4. Bxd3 d6 5. Nf3 Nf6 6. h3 Be7 7. O-O O-O 8. Bf4 Nc6 9. Nbd2 Nd7 10. Nc4 Bf6 11. Bc2 Nce5 12. Ne3 Nxf3+ 13. Qxf3 Be5 14. Bxe5 dxe5 15. Qg3 Re8 16. Rad1 h6 17. f4 c6 18. Nf5 Qf6 19. fxe5 Qg5 20. Qxg5 hxg5 21. Nd6 Re7 22. Nxf7 1-0

[Event "Konik Open"]
[Site "CZE"]
[Date "1995.??.??"]
[Round "?"]
[White "Kufa, Pavel"]
[Black "Dobrovolsky, Ladislav"]
[Result "0-1"]
[WhiteElo "2145"]
[BlackElo "2380"]
[PlyCount "34"]
[EventDate "1995.??.??"]
[Source "www.chesslib.no"]
[SourceDate "2004.05.04"]

1. e4 e5 2. d4 exd4 3. c3 Nf6 4. e5 Ne4 5. Qxd4 d5 6. exd6 Nxd6 7. Nf3 Nc6 8. Qf4 Be7 9. Bd3 O-O 10. O-O Bf6 11. Na3 Re8 12. Nc4 Nxc4 13. Bxc4 Be6 14. Bxe6 Rxe6 15. Be3 Ne5 16. Ng5 Bxg5 17. Qxg5 Nf3+ 0-1

[Event "Aarhus-B"]
[Site "Aarhus"]
[Date "1983.??.??"]
[Round "2"]
[White "Jensen, Vagn"]
[Black "Jacobsen, Bo"]
[Result "1-0"]
[WhiteElo "2205"]
[BlackElo "2320"]
[PlyCount "69"]
[EventDate "1983.??.??"]
[Source "ChessBase"]

1. e4 e5 2. d4 exd4 3. c3 d5 4. exd5 Qxd5 5. cxd4 Nf6 6. Nf3 Bb4+ 7. Nc3 O-O 8. Be2 Ne4 9. Bd2 Bxc3 10. bxc3 Nd7 11. c4 Qd6 12. O-O Ndf6 13. Rb1 Rd8 14. Rb3 Nxd2 15. Qxd2 b6 16. Qg5 Bg4 17. Re3 Re8 18. h3 h6 19. Qh4 Bxf3 20. Bxf3 Rad8 21. Rxe8+ Rxe8 22. Qg3 Qxg3 23. fxg3 Re3 24. c5 bxc5 25. dxc5 Rc3 26. c6 Kf8 27. Rb1 Ra3 28. Rb2 Ke7 29. Rd2 Ra5 30. Kf2 Ke6 31. Ke3 Nd5+ 32. Kd4 Kd6 33. Kc4 Rc5+ 34. Kb3 Rxc6 35. Rxd5+ 1-0

[Event "Philadelphia Int 5th"]
[Site "?"]
[Date "1994.06.27"]
[Round "8"]
[White "Alexopoulos Georgios"]
[Black "Mengarini Ariel"]
[Result "1/2-1/2"]
[WhiteElo "2260"]
[BlackElo "2255"]
[PlyCount "178"]
[EventDate "1994.??.??"]
[Source "www.chesslib.no"]
[SourceDate "2004.05.04"]

1. e4 e5 2. d4 exd4 3. c3 d5 4. exd5 Qxd5 5. cxd4 Nc6 6. Nf3 Nf6 7. Nc3 Bb4 8. Be2 Ne4 9. Bd2 Bxc3 10. bxc3 Nxd2 11. Qxd2 O-O 12. O-O Bg4 13. h3 Bh5 14. Rab1 Bg6 15. Rb5 Qe4 16. Ng5 Qe7 17. Rxb7 Rfe8 18. Bb5 Qd6 19. Bd3 Ne5 20. dxe5 Qxd3 21. Qxd3 Bxd3 22. Rd1 Bc4 23. Rxc7 Bxa2 24. Ra1 Bd5 25. c4 h6 26. cxd5 hxg5 27. e6 fxe6 28. dxe6 Rxe6 29. Raxa7 Rxa7 30. Rxa7 Kh7 31. Kh2 Rf6 32. Kg3 Rf4 33. Ra5 Kh6 34. Ra6+ Kh7 35. Ra5 Kh6 36. Ra3 Kg6 37. Rf3 Ra4 38. Rf8 Rb4 39. Re8 Rf4 40. f3 Ra4 41. Re4 Ra2 42. Rg4 Kf6 43. h4 gxh4+ 44. Kxh4 Ra5 45. Rb4 Ra6 46. f4 Ra1 47. Kg4 Ra6 48. Rb8 Ra2 49. Rb6+ Kf7 50. g3 Ra3 51. f5 Rc3 52. Kf4 Ra3 53. g4 Ra4+ 54. Kg5 Ra1 55. Rb7+ Kf8 56. Kg6 Ra6+ 57. Kh5 Rh6+ 58. Kg5 Ra6 59. Rb8+ Kf7 60. Rh8 Ra1 61. Rh3 Ra4 62. Kh5 Ra5 63. Rf3 Kf6 64. g5+ Kf7 65. Kg4 Ra4+ 66. Rf4 Ra1 67. Re4 Rg1+ 68. Kf4 Rf1+ 69. Ke5 Rf2 70. g6+ Ke7 71. Re1 Ra2 72. Kf4+ Kf8 73. Re4 Ra1 74. Kg5 Rg1+ 75. Rg4 Rf1 76. Rf4 Rg1+ 77. Rg4 Rf1 78. Re4 Rg1+ 79. Kf4 Rf1+ 80. Ke5 Ke7 81. Re2 Ra1 82. f6+ gxf6+ 83. Kf5+ Kf8 84. Kxf6 Rf1+ 85. Kg5 Rg1+ 86. Kf6 Rf1+ 87. Kg5 Rg1+ 88. Kh6 Rh1+ 89. Kg5 Rg1+ 1/2-1/2

[Event "Dos Hermanas FM Elo"]
[Site "Dos Hermanas"]
[Date "2001.04.26"]
[Round "8"]
[White "Exposito Portillo, Josue"]
[Black "Rodriguez Aguilera, Juan"]
[Result "0-1"]
[WhiteElo "2287"]
[BlackElo "2226"]
[PlyCount "106"]
[EventDate "2001.04.19"]
[Source "www.chesslib.no"]
[SourceDate "2004.05.04"]

1. e4 e5 2. d4 exd4 3. c3 d5 4. exd5 Qxd5 5. Nf3 Nf6 6. Qxd4 Be6 7. Be2 Bc5 8. Qxd5 Bxd5 9. Bf4 c6 10. Nbd2 Nbd7 11. O-O Nh5 12. Bg3 Nxg3 13. hxg3 Nf6 14. b4 Be7 15. a3 O-O 16. c4 Be6 17. Nd4 Rad8 18. N2b3 Bc8 19. Bf3 Ng4 20. Rad1 Ne5 21. Be2 Bf6 22. Rd2 g6 23. Rfd1 h5 24. Nc5 Be7 25. Ncb3 h4 26. gxh4 Bxh4 27. g3 Bf6 28. Kg2 Kg7 29. Nc5 Be7 30. Ncb3 Rh8 31. Nf3 Nxf3 32. Bxf3 Rxd2 33. Rxd2 Bh3+ 34. Kg1 Be6 35. Na5 Bg5 36. Rd1 Bc8 37. Kg2 Rd8 38. Rxd8 Bxd8 39. Nb3 Be7 40. Kf1 Be6 41. Na5 c5 42. Be2 cxb4 43. axb4 Bxb4 44. Nxb7 a5 45. Nd8 Bh3+ 46. Kg1 Bd7 47. Bd1 Kf6 48. Nb7 Ke7 49. c5 a4 50. Nd6 Bxc5 51. Ne4 Bb4 52. Ng5 a3 53. Bb3 f6 0-1

[Event "HUN-chT2 0203 Maroczy"]
[Site "?"]
[Date "2002.09.22"]
[Round "1"]
[White "Nogrady Vilmos"]
[Black "Balint Vilmos"]
[Result "1/2-1/2"]
[WhiteElo "2289"]
[BlackElo "2211"]
[PlyCount "24"]
[EventDate "2002.??.??"]
[Source "www.chesslib.no"]
[SourceDate "2004.05.04"]

1. e4 e5 2. d4 exd4 3. c3 Qe7 4. cxd4 Qxe4+ 5. Be3 Nf6 6. Nf3 Bb4+ 7. Nc3 O-O 8. Bd3 Qe7 9. O-O Bxc3 10. bxc3 d5 11. Bg5 Bg4 12. Qb3 Nbd7 1/2-1/2

[Event "Belgique (championnat)"]
[Site "?"]
[Date "2004.07.05"]
[Round "3"]
[White "Schuermans Robert"]
[Black "Sadkowsky Daniel"]
[Result "1/2-1/2"]
[WhiteElo "2166"]
[BlackElo "2329"]
[PlyCount "26"]
[EventDate "2004.??.??"]
[Source "www.chesslib.no"]
[SourceDate "2004.05.04"]

1. e4 e5 2. d4 exd4 3. c3 d5 4. exd5 Qxd5 5. cxd4 Nc6 6. Nf3 Bg4 7. Be2 O-O-O 8. Be3 Nf6 9. Nc3 Qa5 10. O-O Bc5 11. Ng5 Be6 12. Nxe6 fxe6 13. Qb3 Nxd4 1/2-1/2

[Event "BL2-O 9596"]
[Site "GER"]
[Date "1996.??.??"]
[Round "?"]
[White "Weitzer, Steffen"]
[Black "Reipsch, Jens"]
[Result "0-1"]
[WhiteElo "2250"]
[BlackElo "2240"]
[PlyCount "84"]
[EventDate "1995.10.??"]
[Source "www.chesslib.no"]
[SourceDate "2004.05.04"]

1. e4 e5 2. d4 exd4 3. c3 dxc3 4. Bc4 cxb2 5. Bxb2 d5 6. Bxd5 Bb4+ 7. Nc3 Bxc3+ 8. Bxc3 Nf6 9. Qb3 Nxd5 10. exd5 O-O 11. Nf3 Re8+ 12. Kf1 Nd7 13. Rd1 Nc5 14. Qb4 Ne4 15. Ba1 c5 16. Qb2 f6 17. h4 Qb6 18. h5 Qxb2 19. Bxb2 Bd7 20. h6 g6 21. Nd2 Bb5+ 22. Kg1 Nxd2 23. Rxd2 Re1+ 24. Kh2 Rxh1+ 25. Kxh1 Kf7 26. Kh2 Rd8 27. Bc3 Bc4 28. d6 Ke6 29. f4 Rxd6 30. Rxd6+ Kxd6 31. a3 f5 32. Kg3 Bd5 33. Kh3 b5 34. g3 g5 35. fxg5 Bf7 36. Kg2 Kd5 37. Kf3 Kc4 38. Bf6 b4 39. axb4 cxb4 40. Ke3 a5 41. Kd2 Kb3 42. Kc1 Ka2 0-1

[Event "POR Team Ch 9596"]
[Site "Evora"]
[Date "1996.??.??"]
[Round "?"]
[White "Morais, Vitor"]
[Black "Vitor, Antonio"]
[Result "0-1"]
[WhiteElo "2190"]
[BlackElo "2290"]
[PlyCount "40"]
[EventDate "1995.??.??"]
[Source "www.chesslib.no"]
[SourceDate "2004.05.04"]

1. e4 e5 2. d4 exd4 3. c3 d5 4. exd5 Qxd5 5. cxd4 Nc6 6. Be3 Nf6 7. Nf3 Bg4 8. Be2 O-O-O 9. O-O Bd6 10. h3 Qh5 11. hxg4 Nxg4 12. Re1 f5 13. Bc4 Rhe8 14. g3 Bxg3 15. Nbd2 Bh2+ 16. Kg2 f4 17. d5 fxe3 18. fxe3 Nce5 19. Nxe5 Bxe5 20. Nf3 Qg6 0-1

[Event "Hessen-ch"]
[Site "Baunatal"]
[Date "1999.03.27"]
[Round "4"]
[White "Grafl, Florian"]
[Black "Debus, Alfred"]
[Result "1-0"]
[WhiteElo "2258"]
[BlackElo "2220"]
[PlyCount "21"]
[EventDate "1999.03.26"]
[Source "www.chesslib.no"]
[SourceDate "2004.05.04"]

1. e4 e5 2. d4 exd4 3. c3 d5 4. exd5 Qxd5 5. cxd4 c5 6. Nc3 Qxd4 7. Qe2+ Be6 8. Nf3 Qd7 9. Bf4 a6 10. Rd1 Qc6 11. Nd5 1-0

[Event "Copenhagen Open"]
[Site "Copenhagen DEN"]
[Date "1991.??.??"]
[Round "7"]
[White "Lochte, Thomas"]
[Black "Kutschenko, Roland"]
[Result "1-0"]
[WhiteElo "2250"]
[BlackElo "2225"]
[PlyCount "81"]
[EventDate "1991.06.??"]
[Source "www.chesslib.no"]
[SourceDate "2004.05.04"]

1. e4 e5 2. d4 exd4 3. c3 d5 4. exd5 Qxd5 5. cxd4 Bb4+ 6. Nc3 Nc6 7. Nf3 Nf6 8. Be2 Ne4 9. Bd2 Bxc3 10. bxc3 Nxd2 11. Qxd2 O-O 12. Rb1 Re8 13. O-O Rb8 14. Rb5 Qd6 15. Bd3 g6 16. Ng5 Kg7 17. Ne4 Qd8 18. Ng3 Qh4 19. f4 f6 20. d5 Ne7 21. Qf2 Bd7 22. d6 cxd6 23. Nh5+ Qxh5 24. Rxh5 gxh5 25. Qg3+ Kh8 26. Qh4 Ng8 27. Qxh5 Re7 28. Rf3 Rbe8 29. Re3 h6 30. Rg3 Rg7 31. Rxg7 Kxg7 32. Qg6+ Kf8 33. f5 Re7 34. Bc4 Rg7 35. Qh5 Be8 36. Qd1 Rd7 37. Be6 Rd8 38. Qb3 Ne7 39. Qxb7 a5 40. Qc7 Ra8 41. Qxd6 1-0

[Event "Ch Norway (team) 1998/99"]
[Site "Norway"]
[Date "1998.??.??"]
[Round "2"]
[White "Asselbrinque, Paulo H"]
[Black "Capparelli, D."]
[Result "1/2-1/2"]
[WhiteElo "2215"]
[BlackElo "2250"]
[PlyCount "92"]
[EventDate "1998.??.??"]
[Source "www.chesslib.no"]
[SourceDate "2004.05.04"]

1. e4 e5 2. d4 exd4 3. c3 d5 4. exd5 Qxd5 5. cxd4 Nc6 6. Nf3 Bg4 7. Be2 O-O-O 8. Nc3 Qf5 9. Be3 Bc5 10. h3 Bxf3 11. Bxf3 Nf6 12. Bxc6 bxc6 13. Qa4 Bb6 14. O-O-O Kb7 15. Qb3 Nd5 16. Rhe1 Rhe8 17. Na4 Nxe3 18. fxe3 Qd5 19. Nc5+ Ka8 20. Qxd5 cxd5 21. b4 Bxc5 22. bxc5 Rb8 23. Rd3 Rb4 24. Kc2 Reb8 25. Rb3 a5 26. Reb1 Ka7 27. Rxb4 axb4 28. g4 Ka6 29. g5 c6 30. a3 Ka5 31. axb4+ Rxb4 32. Ra1+ Ra4 33. Rxa4+ Kxa4 34. e4 Kb5 35. exd5 cxd5 36. Kd3 Kc6 37. Ke3 Kd7 38. Kf4 Ke6 39. h4 f5 40. gxf6 Kxf6 41. c6 Ke6 42. c7 Kd7 43. Ke5 Kxc7 44. Kxd5 Kd7 45. Ke5 Ke7 46. d5 g6 1/2-1/2

[Event "Bayern-chB"]
[Site "Vorra"]
[Date "1990.??.??"]
[Round "2"]
[White "Lochte, Thomas"]
[Black "Schmeidler, Martin"]
[Result "1-0"]
[WhiteElo "2245"]
[BlackElo "2220"]
[PlyCount "78"]
[EventDate "1990.??.??"]
[Source "www.chesslib.no"]
[SourceDate "2004.05.04"]

1. e4 e5 2. d4 exd4 3. c3 dxc3 4. Bc4 cxb2 5. Bxb2 d5 6. Bxd5 Nf6 7. Nc3 Bd6 8. Nf3 O-O 9. O-O c6 10. Bb3 Bg4 11. h3 Bxf3 12. Qxf3 Qe7 13. Rfe1 Nbd7 14. g3 Rad8 15. Rad1 Rfe8 16. Qe2 Be5 17. Qc4 b5 18. Qxc6 Rc8 19. Qxb5 Bxc3 20. Bxc3 Rxc3 21. Ba4 Ne5 22. Kg2 Rec8 23. f4 Qa3 24. Bb3 Nc4 25. Rb1 Nd6 26. Qe5 Ndxe4 27. Rxe4 Nxe4 28. Qxe4 a5 29. Re1 Qd6 30. Rd1 Qc6 31. Qxc6 R3xc6 32. Rd7 Rf8 33. Bd5 Rc5 34. g4 g6 35. Kg3 Kg7 36. a4 h6 37. g5 Rc3+ 38. Kg4 h5+ 39. Kh4 Rd3 1-0

[Event "Staufer op 10th"]
[Site "Schwaebisch Gmuend"]
[Date "1998.??.??"]
[Round "5"]
[White "Asselbrinque, Paulo H"]
[Black "Sanchez Acevedo, Victor"]
[Result "0-1"]
[WhiteElo "2225"]
[BlackElo "2240"]
[PlyCount "74"]
[EventDate "1998.01.??"]
[Source "www.chesslib.no"]
[SourceDate "2004.05.04"]

1. e4 e5 2. d4 exd4 3. c3 d5 4. exd5 Qxd5 5. cxd4 Nf6 6. Nf3 Bb4+ 7. Nc3 O-O 8. Bd2 Re8+ 9. Be2 Bxc3 10. bxc3 Qe4 11. Ne5 Qxg2 12. Bf3 Qh3 13. Be3 Nbd7 14. Rg1 Qe6 15. Nd3 Nd5 16. Kd2 Nxe3 17. fxe3 Qxe3+ 18. Kc2 Qh6 19. Rg2 Nf8 20. Rb1 Rb8 21. Rb5 Bd7 22. Ra5 Qb6 23. Qg1 g6 24. Rc5 Ne6 25. Re5 Ng7 26. Bd5 Bf5 27. Rg3 Rxe5 28. dxe5 Qxg1 29. Rxg1 c6 30. Bf3 Rd8 31. Be2 Ne6 32. Rf1 Be4 33. a4 Nc5 34. Rd1 Kf8 35. a5 Ke7 36. c4 Nxd3 37. Kc3 Nf4 0-1

[Event "6th Wichern Open, Hamburg GER"]
[Site "?"]
[Date "2001.??.??"]
[Round "5"]
[White "Voigt, Ma"]
[Black "Staak, R."]
[Result "1-0"]
[WhiteElo "2300"]
[BlackElo "2160"]
[PlyCount "89"]
[EventDate "2001.??.??"]
[Source "www.chesslib.no"]
[SourceDate "2004.05.04"]

1. e4 e5 2. d4 exd4 3. c3 d5 4. exd5 Qxd5 5. cxd4 Nf6 6. Nc3 Qd8 7. Bc4 Be7 8. Nf3 O-O 9. h3 Nbd7 10. O-O Nb6 11. Bb3 Nfd5 12. Re1 Be6 13. Ne4 c6 14. a3 Re8 15. Qd3 Bf5 16. Ne5 Bd6 17. Nxf7 Kxf7 18. Nxd6+ Qxd6 19. Qxf5+ Qf6 20. Qh5+ Qg6 21. Qxg6+ Kxg6 22. Bd2 Kf7 23. Rxe8 Rxe8 24. Re1 Rxe1+ 25. Bxe1 Kf6 26. Bd2 h6 27. f3 Kf5 28. Kf2 Kf6 29. f4 Nc8 30. Kf3 Nd6 31. g4 g6 32. f5 gxf5 33. Bxh6 fxg4+ 34. hxg4 Nf7 35. Bd2 Nd6 36. a4 Kg6 37. Bf4 Nxf4 38. Kxf4 Kf6 39. g5+ Kg6 40. Bc2+ Kg7 41. Bd3 a5 42. Ke5 Nf7+ 43. Kf5 b5 44. d5 cxd5 45. axb5 1-0

[Event "Eger Open"]
[Site "Eger"]
[Date "1989.??.??"]
[Round "?"]
[White "Kiss, Laszlo"]
[Black "Vadaszi, Janos"]
[Result "1-0"]
[WhiteElo "2260"]
[BlackElo "2200"]
[PlyCount "45"]
[EventDate "1989.??.??"]
[Source "www.chesslib.no"]
[SourceDate "2004.05.04"]

1. e4 e5 2. d4 exd4 3. c3 d5 4. exd5 Qxd5 5. cxd4 Nc6 6. Nf3 Bg4 7. Be2 O-O-O 8. Nc3 Qa5 9. Be3 Nf6 10. h3 Bh5 11. O-O Nd5 12. Bd2 Bb4 13. Rc1 Rhe8 14. a3 Nxc3 15. bxc3 Bd6 16. Be3 Bg6 17. Nd2 Kb8 18. Bf3 Qa6 19. Re1 f6 20. Qb3 Qb6 21. Qa4 Rxe3 22. fxe3 Kc8 23. Nc4 1-0

[Event "Politiken Cup"]
[Site "Copenhagen DEN"]
[Date "1981.??.??"]
[Round "8"]
[White "Jensen, Vagn"]
[Black "Nielsen, Jorgen G"]
[Result "1/2-1/2"]
[WhiteElo "2235"]
[BlackElo "2220"]
[PlyCount "31"]
[EventDate "1981.??.??"]
[Source "www.chesslib.no"]
[SourceDate "2004.05.04"]

1. e4 e5 2. d4 exd4 3. c3 d5 4. exd5 Qxd5 5. cxd4 Nf6 6. Nf3 Bb4+ 7. Nc3 c5 8. Bb5+ Bd7 9. O-O Bxc3 10. Bxd7+ Nbxd7 11. bxc3 O-O 12. Ba3 Rfd8 13. dxc5 Nxc5 14. Qxd5 Rxd5 15. c4 Rh5 16. Rad1 1/2-1/2

[Event "Capablanca Mem Mixto"]
[Site "?"]
[Date "2004.05.17"]
[Round "11"]
[White "Hernandez Tania"]
[Black "Ordaz Valdes Lisandra"]
[Result "1-0"]
[WhiteElo "2251"]
[BlackElo "2199"]
[PlyCount "65"]
[EventDate "2004.??.??"]
[Source "www.chesslib.no"]
[SourceDate "2004.05.04"]

1. e4 e5 2. d4 exd4 3. c3 d3 4. c4 d6 5. Bxd3 Be7 6. Nc3 Nf6 7. h3 Nbd7 8. Nf3 Ne5 9. O-O O-O 10. Bf4 Nfd7 11. Be2 Nxf3+ 12. Bxf3 Bf6 13. Qd2 Nc5 14. Rad1 Re8 15. Rfe1 Bxc3 16. Qxc3 Ne6 17. Bg3 Ng5 18. e5 Nxf3+ 19. Qxf3 Be6 20. exd6 cxd6 21. b3 Qb6 22. Bxd6 Rad8 23. Qg3 Bf5 24. Bc7 Rxd1 25. Rxd1 Qe6 26. Be5 Qg6 27. Qc3 h6 28. Rd6 Qg5 29. f4 Qe7 30. Qg3 Qf8 31. Rd5 Be6 32. Bd6 Re7 33. Re5 1-0

[Event "CZE-chT2c 9596"]
[Site "Czech Republic"]
[Date "1996.??.??"]
[Round "9"]
[White "Kana, Pavel"]
[Black "Reznicek, Jan"]
[Result "0-1"]
[WhiteElo "2195"]
[BlackElo "2255"]
[PlyCount "78"]
[EventDate "1995.??.??"]
[Source "www.chesslib.no"]
[SourceDate "2004.05.04"]

1. e4 e5 2. d4 exd4 3. c3 dxc3 4. Bc4 cxb2 5. Bxb2 Nf6 6. Nc3 d5 7. Nxd5 Nxd5 8. Bxd5 Bc5 9. Qh5 O-O 10. Nf3 Bb4+ 11. Kf1 Qd6 12. Be5 Qa6+ 13. Kg1 Ba5 14. Rc1 Nd7 15. Ng5 Qg6 16. Qxg6 hxg6 17. Bxc7 Bd2 18. Rc2 Bxg5 19. Bd6 Re8 20. f4 Bd8 21. Kf2 Bb6+ 22. Kf3 Nf6 23. Be5 Bg4+ 24. Kg3 Nxd5 25. exd5 Bf5 26. Rc3 f6 27. Bc7 Bxc7 28. Rxc7 Re3+ 29. Kf2 Rd3 30. Rxb7 Rxd5 31. Re1 Rd7 32. Re7 Rxb7 33. Rxb7 a6 34. a3 Rc8 35. Ra7 Rc2+ 36. Kg3 Rc3+ 37. Kh4 Rxa3 38. h3 Be4 39. Re7 Bxg2 0-1

[Event "PUR-ch"]
[Site "San Juan"]
[Date "1999.??.??"]
[Round "?"]
[White "Sosa, Luis"]
[Black "Ovalle, Ramon"]
[Result "1/2-1/2"]
[WhiteElo "2300"]
[BlackElo "2150"]
[PlyCount "26"]
[EventDate "1999.??.??"]
[Source "www.chesslib.no"]
[SourceDate "2004.05.04"]

1. e4 e5 2. d4 exd4 3. c3 d3 4. Bxd3 Bc5 5. Qe2 Nc6 6. f4 d6 7. Be3 Bxe3 8. Qxe3 Qe7 9. Nd2 Bd7 10. Ngf3 O-O-O 11. O-O-O Nh6 12. Rhe1 f6 13. Kb1 Kb8 1/2-1/2

[Event "HUN-chT29899"]
[Site "HUN"]
[Date "1999.??.??"]
[Round "?"]
[White "Gara, Peter"]
[Black "Fordan, Tibor"]
[Result "0-1"]
[WhiteElo "2225"]
[BlackElo "2225"]
[PlyCount "116"]
[EventDate "1998.??.??"]
[Source "www.chesslib.no"]
[SourceDate "2004.05.04"]

1. e4 e5 2. d4 exd4 3. c3 dxc3 4. Bc4 Qf6 5. Nxc3 Bb4 6. Nge2 Ne7 7. O-O Bxc3 8. Nxc3 O-O 9. e5 Qxe5 10. Re1 Qc5 11. Bd5 Nbc6 12. Qh5 d6 13. Be3 Qb4 14. Be4 g6 15. Qd1 Bf5 16. Bg5 f6 17. Nd5 Nxd5 18. Qxd5+ Kg7 19. Bxf5 fxg5 20. Be4 Rae8 21. a3 Qxb2 22. f3 Re5 23. Qd3 Qd4+ 24. Qxd4 Nxd4 25. Bxb7 Rfe8 26. Rxe5 Rxe5 27. Kf1 Rb5 28. Be4 Rb2 29. Rd1 c5 30. Bd5 Kf6 31. Re1 a5 32. h3 a4 33. Re8 Rb1+ 34. Kf2 Rd1 35. Re3 Rb1 36. Re8 Rb2+ 37. Kf1 Rd2 38. Ra8 Nc2 39. Bc6 Nxa3 40. Rxa4 Nc2 41. f4 Nb4 42. fxg5+ Kxg5 43. Bf3 Ra2 44. Rxa2 Nxa2 45. Ke2 Nb4 46. Kd2 Kf4 47. Kc3 d5 48. Kb3 Ke3 49. h4 h6 50. Ka4 Kd4 51. g4 Nd3 52. g5 hxg5 53. hxg5 Ne5 54. Bd1 Kd3 55. Kb5 c4 56. Kc5 d4 57. Kd5 Nf7 58. Ba4 c3 0-1